| 000 | 00425nam a2200181Ia 4500 | ||
|---|---|---|---|
| 001 | 1677 | ||
| 005 | 20260306143746.0 | ||
| 008 | 260306t1954||||xx |||||||||||||| ||spa|| | ||
| 041 | _aESP | ||
| 082 |
_a154 _bJ89 |
||
| 100 |
_aJung, C. G. _eAUT |
||
| 245 | 0 | _aEnergética psíquica y esencia del sueño | |
| 260 | _c1954 | ||
| 300 |
_a218 páginas, _c20 cm. |
||
| 650 | _aGEN | ||
| 654 | _aCPS | ||
| 942 |
_cLIB _dJUS _fJUS _2ddc _n |
||
| 999 |
_c1677 _d1677 |
||